Sports Quiz

Random Sports or MLB Quiz

Top 24 Cincinnati Reds Players Quiz Stats

 Plays Quiz not verified by Sporcle

Score 0/24 Timer 04:00
0 Plays Today
Number and Position Player % Correct
14; Outfield, First Base, Third BasePete Rose
99.4%
5; Catcher, First Base, Third BaseJohnny Bench
98.9%
11/15; ShortstopBarry Larkin
95.4%
8; Second BaseJoe Morgan
93.1%
24; First Base, Third BaseTony Perez
89.7%
15; Left FieldGeorge Foster
82.9%
13/50; Second Base, Third Base, ShortstopDave Concepcion
80%
19/60; First BaseJoey Votto
77.1%
20; Outfield, First BaseFrank Robinson
73.1%
27; PitcherJose Rijo
56.6%
28; OutfieldVada Pinson
49.7%
2/4/7/17/27/35; CatcherErnie Lombardi
49.1%
Number and Position Player % Correct
46; PitcherJim Maloney
39.4%
No Number; Second BaseBid McPhee
36.6%
18; PitcherEppa Rixey
34.9%
No Number; Center FieldEdd Roush
34.3%
31/56; Pitcher, Third BaseBucky Walters
25.1%
14/21/25/30/52; PitcherPaul Derringer
21.1%
No Number; PitcherDolf Luque
17.1%
No Number; PitcherNoodles Hahn
12%
No Number; Second Base, Third BaseHeinie Groh
9.1%
No Number; Pitcher, Outfield, Third BaseTony Mullane
5.7%
12; PitcherRed Lucas
4%
No Number; Pitcher, Right FieldFrank Dwyer
2.9%

You're not logged in!

Compare scores with friends on all Sporcle quizzes.
Join for Free
OR
Log In

You Might Also Like...

Show Comments

Extras

Top Quizzes Today


Score Distribution

Your Account Isn't Verified!

In order to create a playlist on Sporcle, you need to verify the email address you used during registration. Go to your Sporcle Settings to finish the process.

Report this User

Report this user for behavior that violates our Community Guidelines.

Details: